000 00486nam a2200193 a 4500
001 1757151154748
003 ACL
005 20250906150715.0
008 250906s2000##################000#0#eng##
020 _a9780521627092
082 0 4 _a782.009
_bPOT
100 1 _aPotter, John,
_eauthor.
245 1 0 _aThe Cambridge Companion to Singing :
260 _bCambridge University Press,
_c2000.
300 _a300 pages
650 0 _aMusic.
942 _cENGLISH
040 _aACL
_beng
_cACL
999 _c585633
_d585633